Fr. Conceicao Rodrigues College of Engineering

Software architecture & Design (Record no. 30145)

MARC details
000 -LEADER
fixed length control field 00326nam a2200145Ia 4500
082 ## - DEWEY DECIMAL CLASSIFICATION NUMBER
Classification number 5.12
Item number WIT
100 ## - MAIN ENTRY--PERSONAL NAME
Personal name Witt/ B.I. & others
245 ## - TITLE STATEMENT
Title Software architecture & Design
260 ## - PUBLICATION, DISTRIBUTION, ETC.
Name of publisher, distributor, etc. Van nostand rainhold
Place of publication, distribution, etc. New york
Date of publication, distribution, etc. 1993
300 ## - PHYSICAL DESCRIPTION
Extent 324
546 ## - LANGUAGE NOTE
Language note ENGLISH
654 ## - SUBJECT ADDED ENTRY--FACETED TOPICAL TERMS
Focus term Computer
942 ## - ADDED ENTRY ELEMENTS (KOHA)
Koha item type BOOK
Holdings
Withdrawn status Lost status Damaged status Not for loan Collection Home library Current library Shelving location Date acquired Total Checkouts Full call number Barcode Date last seen Price effective from Koha item type
        CRC Fr. Agnel's C.Rodrigues College of Engineering Fr. Agnel's C.Rodrigues College of Engineering   17/03/2023   5.12 WIT 8804 17/03/2023 17/03/2023 BOOK